000
00263nam a2200109Ia 4500
008
220204s9999 xx 000 0 und d
082
_a
331
_b
MYS.2
245
0
_a
Labour manual. V 2
260
_a
Bangalore
_b
Govt Press
_c
1966
650
_a
Labour manual
942
_c
BK
999
_c
21941
_d
21941